Представление документа в формате MARC21

Поле Инд. ПП Название Значение
Тип записи a
Библиографический уровень b
001 Контрольный номер RU/IS/BASE/160847497
005 Дата корректировки 20200529173527.2
084 a Индекс другой классификации/Индекс ББК 87.7г(2)522
a Индекс другой классификации/Индекс ББК 87.704
a Индекс другой классификации/Индекс ББК 74.03(2)5
100 1_ a Автор Артемов В. М.
245 10 a Заглавие Свобода и нравственность в педагогике Л. Толстого
504 a Библиография Библиогр. ссылки
600 14 a Персоналии Толстой Лев Николаевич
650 04 a Основная рубрика индивидуальная этика
a Основная рубрика история педагогических учений
a Основная рубрика история этики
a Основная рубрика педагогика
a Основная рубрика философские науки
a Основная рубрика этика
653 0_ a Ключевые слова XX век
a Ключевые слова нравственность
a Ключевые слова образование
a Ключевые слова свобода
773 18 t Заглавие источника Социально-гуманитарные знания
d Дата издания источника 2001
g Прочая информация № 3. - С. 133 - 142
w Контрольный № источника RU/IS/BASE/139676203
901 t Тип документа b